| 000 | 00847nam a2200241 i 4500 | ||
|---|---|---|---|
| 001 | bg | ||
| 245 | 1 | 0 |
_aSpecjalne zagadnienia mechaniki i sterowania ; profesor Jan Wojciech Osiecki doktor honoris causa Politechniki Świętokrzyskiej w Kielcach / _c[oprac. Stanisław Adamczyk]. |
| 260 |
_aKielce : _bWydaw. Politechniki Świętokrzyskiej, _c2004. |
||
| 300 |
_a56 s. : _bil. ; _c25 cm. |
||
| 504 | _aBibliogr. | ||
| 600 | 1 | 9 | _aOsiecki, Jan Wojciech (1930- ) |
| 610 | 2 | 9 | _aPolitechnika Świętokrzyska (Kielce) |
| 650 | 9 |
_aPracownicy naukowi _xbiografie _zPolska _y20-21 w. |
|
| 650 | 9 |
_aSamochody _xbadanie |
|
| 655 | _aksięga pamiątkowa | ||
| 020 | _a838890616X | ||
| 040 | _cBPK | ||
| 041 | 0 | _apol | |
| 080 | _a378.662:378.25:929-052:629.33 | ||
| 920 | _a83-88906-16-X | ||
| 942 | _cKS | ||
| 008 | s pl f |000 0 pol | ||
| 999 |
_c45865 _d45865 |
||
| 856 |
_uhttp://koha.tu.koszalin.pl/cgi-bin/koha/opac-detail.pl?biblionumber=45865 _yKatalog online BPK |
||